Catálogo
 En Linea

Leyendas y mitos de Guinea. / (Registro nro. 16991)

Detalles MARC
000 -CABECERA
campo de control de longitud fija 00702cam a22002051 4500
001 - NÚMERO DE CONTROL
campo de control 000017466
005 - FECHA Y HORA DE LA ÚLTIMA TRANSACCIÓN
campo de control 20200929165125.0
008 - DATOS DE LONGITUD FIJA--INFORMACIÓN GENERAL
campo de control de longitud fija 771006s1951 sp a 000 0 spa
040 ## - FUENTE DE LA CATALOGACIÓN
Centro catalogador/agencia de origen DO-SdBNP
Centro/agencia transcriptor ViU
Centro/agencia modificador DLC
041 ## - CÓDIGO DE LENGUA
Código de lengua del texto/banda sonora o título independiente BNGR
050 00 - SIGNATURA TOPOGRÁFICA DE LA BIBLIOTECA DEL CONGRESO
Número de clasificación GR360.G8
Número de documento/Ítem A6
082 ## - NÚMERO DE LA CLASIFICACIÓN DECIMAL DEWEY
Número de clasificación xxx
Número de documento/Ítem A473l
100 2# - ENTRADA PRINCIPAL--NOMBRE DE PERSONA
Nombre de persona Álvarez García, Heriberto Ramón.
9 (RLIN) 38185
245 10 - MENCIÓN DE TÍTULO
Título Leyendas y mitos de Guinea. /
Mención de responsabilidad, etc. Heriberto Ramón Álvarez García, prólogo por Antonio de la Nuez Caballero.
260 ## - PUBLICACIÓN, DISTRIBUCIÓN, ETC.
Lugar de publicación, distribución, etc. Madrid :
Nombre del editor, distribuidor, etc. Instituto de Estudios Africanos,
Fecha de publicación, distribución, etc. 1951.
300 ## - DESCRIPCIÓN FÍSICA
Extensión 272 p. :
Otras características físicas il. ;
Dimensiones 24 cm.
650 #0 - PUNTO DE ACCESO ADICIONAL DE MATERIA--TÉRMINO DE MATERIA
Término de materia o nombre geográfico como elemento de entrada Folklore
Subdivisión geográfica Guinea.
9 (RLIN) 38186
700 1# - PUNTO DE ACCESO ADICIONAL--NOMBRE DE PERSONA
Nombre de persona Nuez Caballero, Antonio de la
Término indicativo de función/relación pról.
9 (RLIN) 38187
910 ## - DATOS DE OPCIÓN DEL USUARIO (OCLC)
Datos de opción del usuario Catalogación derivada
Existencias
Estado de retiro Estado de pérdida Restricciones de uso No para préstamo Código de colección Localización permanente Ubicación/localización actual Ubicación en estantería Fecha de adquisición Número de inventario Total de préstamos Signatura topográfica completa Código de barras Fecha visto por última vez Precio válido a partir de Tipo de ítem Koha
      Préstamo restrigido Monografías: Libros y Folletos General General En encuadernación 24.03.2010 LF1   xxx A473l 17466-10 25.06.2020 25.06.2020 No se presta

Con tecnología Koha